000 00915nam a22002177a 4500
999 _c39962
_d39962
005 20251125232933.0
008 s2544 th tha d
020 _a9742052247
040 _aNALT
041 _atha
050 _aDS577 ค391 2544
245 1 0 _aคำให้การขุนหลวงหาวัด (ฉบับหลวง) และประชุมพงศาวดา ภาค 81
260 3 _aนนทบุรี :
_bจดหมายเหตุ,
_c2544
300 _a287 หน้า :
_bภาพประกอบ ;
_c21 ซม.
650 0 4 _aไทย -- ประวัติศาสตร์ -- กรุงศรีอยุธยา, 1893--2310
700 0 _aอนันต์ อมรรตัย
850 _aNALT
856 4 0 _uhttps://hdl.handle.net/20.500.14156/386267
_71
942 _cGB
_03
_2lcc
998 _j909
_k สุพัณดา สุภาพ